000 00344nam a2200145Ia 4500
100 _aLUTJEN/ D/ Ross. J.
490 _v1
942 _cBK
654 _aDrawing for automative engg
245 _aTechnical Drawing for Automative Engg
260 _bDeutsehe Gesellschaff
_aGermany
_c1984
300 _a70
546 _aENGLISH
999 _c35443
_d35443